000
00340nam a22001457a 4500
008
240530b |||||||| |||| 00| 0 eng d
020
_a
9788131267431
_c
1885
040
_a
03
082
_a
615.73 LIN
100
_a
LINDA, SKIDMARE
245
_a
NURSING DRUG REFERENCE 2024
260
_a
HARYANA
_b
ELSEVIER
300
_a
1500
942
_c
01
999
_c
58799
_d
58799